000 00466nam a2200181Ia 4500
008 240925s9999 xx 000 0 und d
020 _a70549001
082 _a519.5 SAN
100 _aSanders ,Donald H.
245 0 _aStatistics: a first course
250 _a5th
260 _aNew York:
_bMcGraw-Hill
_c,1995.
300 _axviii,701p.
_bN.A
_fPirated
500 _aIncludes Index
600 _aEngineering Technology
650 _aNatural Science
942 _cBK
999 _c4047
_d4047